Studies on ecological environment of rubber plantations with high yield in Xishuangbanna (Record no. 69578)

MARC details
000 -LEADER
fixed length control field 01059nam a2200229Ia 4500
100 ## - MAIN ENTRY--AUTHOR NAME
Personal name Zhuoyong Hu
245 #0 - TITLE STATEMENT
Title Studies on ecological environment of rubber plantations with high yield in Xishuangbanna
260 ## - PUBLICATION, DISTRIBUTION, ETC. (IMPRINT)
Name of publisher Proceedings of IRRDB Conference: NR Industry: Responding to Globalization, 7-8 September 2004, Kunming International Convention & Exhibition Center, China. pp.161-170.
520 ## - SUMMARY, ETC.
Summary, etc The average rubber yield per hectate or per tree is the highest within China. Analysis on ecological environment showed that there are some main factors affecting rubber yield, one is the high level of soil nutrition and another is the favourable climatic condition in favor of latex synthesis and outflow.
650 ## - SUBJECT ADDED ENTRY--TOPICAL TERM
Topical Term Ecological environment
650 ## - SUBJECT ADDED ENTRY--TOPICAL TERM
Topical Term High yield
650 ## - SUBJECT ADDED ENTRY--TOPICAL TERM
Topical Term Rubber plantation
650 ## - SUBJECT ADDED ENTRY--TOPICAL TERM
Topical Term Xishuangbanna
700 ## - ADDED ENTRY--PERSONAL NAME
Personal name Hongpei Lin
700 ## - ADDED ENTRY--PERSONAL NAME
Personal name RuZhang
700 ## - ADDED ENTRY--PERSONAL NAME
Personal name Xiaodong Zhu
700 ## - ADDED ENTRY--PERSONAL NAME
Personal name Yue Zhang
700 ## - ADDED ENTRY--PERSONAL NAME
Personal name Zhili He
700 ## - ADDED ENTRY--PERSONAL NAME
Personal name Zuozhou Zhang
942 ## - ADDED ENTRY ELEMENTS (KOHA)
Koha item type Journals
Holdings
Withdrawn status Lost status Damaged status Not for loan Home library Current library Shelving location Date acquired Koha item type
      Journals RRII Library RRII Library Soils and agonomy 17/12/2021 Journals